000 01136cam a2200217 4500
001 ABS67255
008 031127n2003 000 0 eng u
035 _a(Sirsi) u124502
100 _aDyer, C.
245 _aEasier COSHH compliance
260 _c2003
490 _aHealth and Safety Bulletin
_v (323) November 2003, 17-18(2)
520 _aReviews Health and Safety Commission plans to link exposure limits and control measures within the COSHH regime. The plans will make major changes to the regime that controls workers' exposure to chemicals so that it will be easier for firms to comply with their legal duties. Propositions include a single type of occupational exposure limit to be called a Workplace Explosure Limit, an emphasis on applying good practice and the provision of advice on control measures. Tables provide comparisons of the old and proposed new system.
590 _aABS
650 _aCONTROL OF SUBSTANCES HAZARDOUS TO HEALTH REGULATIONS
650 _aHEALTH AND SAFETY COMMISSION
650 _aEXPOSURE
650 _aOCCUPATIONAL EXPOSURE LIMITS
690 _aHealth and safety
_96244
942 _n0
999 _c73881
_d73881